书目信息 |
| 题名: |
高尔夫地产新兵入门
|
|
| 作者: | 刘丽娟 主编 | |
| 分册: | ||
| 出版信息: | 北京 中国建筑工业出版社 2014.09 |
|
| 页数: | 233页 | |
| 开本: | 26cm | |
| 丛书名: | 房地产开发新兵入门丛书 | |
| 单 册: | ||
| 中图分类: | F299.233.3 , F293.3 | |
| 科图分类: | ||
| 主题词: | 高尔夫球运动--gao er fu qiu yun dong--房地产管理--基本知识 | |
| 电子资源: | ||
| ISBN: | 978-7-112-16693-0 | |
| 000 | 01074nam 2200253 450 | |
| 001 | CAL 0120141422197 | |
| 005 | 20191103105422.02 | |
| 010 | @a978-7-112-16693-0@dCNY68.00 | |
| 100 | @a20150624d2014 em y0chiy50 ea | |
| 101 | 0 | @achi |
| 102 | @aCN@b110000 | |
| 105 | @aak z 000yy | |
| 200 | 1 | @a高尔夫地产新兵入门@Agao er fu di chan xin bing ru men@f刘丽娟主编 |
| 210 | @a北京@c中国建筑工业出版社@d2014.09 | |
| 215 | @a233页@c图@d26cm | |
| 225 | 2 | @a房地产开发新兵入门丛书@Afang di chan kai fa xin bing ru men cong shu |
| 330 | @a本书界定了高尔夫地产的范围与几种常见的分类方式, 理清了高尔夫球场建设与房地产项目开发的合理时序。以高尔夫地产开发的基本流程, 结合实际的案例, 分析了高尔夫地产项目定位、规划设计、运营管控、营销推广等环节的开发关键, 同时探讨了高尔夫地产开发一些不合理的现象与误区。 | |
| 410 | 0 | @12001 @a房地产开发新兵入门丛书 |
| 606 | 0 | @a高尔夫球运动@Agao er fu qiu yun dong@x房地产管理@x基本知识 |
| 690 | @aF299.233.3@v5 | |
| 690 | @aF293.3@v4 | |
| 701 | 0 | @a刘丽娟@Aliu li juan@4主编 |
| 801 | 0 | @aCN@c20150624 |
| 905 | @a241430@dF293.3@eL642@f3 | |
| 高尔夫地产新兵入门/刘丽娟主编.-北京:中国建筑工业出版社,2014.09 |
| 233页:图;26cm.-(房地产开发新兵入门丛书) |
| ISBN 978-7-112-16693-0:CNY68.00 |
| 本书界定了高尔夫地产的范围与几种常见的分类方式, 理清了高尔夫球场建设与房地产项目开发的合理时序。以高尔夫地产开发的基本流程, 结合实际的案例, 分析了高尔夫地产项目定位、规划设计、运营管控、营销推广等环节的开发关键, 同时探讨了高尔夫地产开发一些不合理的现象与误区。 |
| ● |
| 相关链接 |
|
|
|
正题名:高尔夫地产新兵入门
索取号:F293.3/L642
 
预约/预借
| 序号 | 登录号 | 条形码 | 馆藏地/架位号 | 状态 | 备注 |
| 1 | 1139877 | 211398771 | 社科二线422/409社科库 105排2列6层/ [索取号:F293.3/L642] | 在馆 | |
| 2 | 1139878 | 211398780 | 社科二线422/409社科库 105排2列6层/ [索取号:F293.3/L642] | 在馆 | |
| 3 | 1139879 | 211398799 | 社科二线422/409社科库 105排2列6层/ [索取号:F293.3/L642] | 在馆 | |
| 4 | 1448716 | 214487161 | 社科库409/409社科库 108排1列2层/ [索取号:F293.3/L642] | 在馆 | |
| 5 | 1448718 | 214487189 | 社科库409/409社科库 108排1列2层/ [索取号:F293.3/L642] | 在馆 | |
| 6 | 1448719 | 214487198 | 社科库409/409社科库 108排1列2层/ [索取号:F293.3/L642] | 在馆 | |
| 7 | 1448720 | 214487205 | 社科二线422/409社科库 105排2列6层/ [索取号:F293.3/L642] | 在馆 | |
| 8 | 1448721 | 214487214 | 社科二线422/409社科库 105排2列6层/ [索取号:F293.3/L642] | 在馆 | |
| 9 | 1449899 | 214498998 | 社科二线422/409社科库 105排2列6层/ [索取号:F293.3/L642] | 在馆 |